George Lucas Movies - Statistics

General Stats
  • This quiz has been taken 42 times
  • The average score is 3 of 6
Answer Stats
Release Year Answer % Correct
1999 Star Wars: Episode I - The Phantom Menace
83%
1973 American Graffiti
75%
1971 THX 1138
50%
2002 Star Wars: Episode II - Attack of the Clones
44%
2005 Star Wars: Episode III - Revenge of the Sith
42%
1977 Star Wars: Episode IV - A New Hope
42%
No matching quizzes found
Score Distribution
Percent of People with Each Score
Percentile by Number Answered
Your Score History
You have not taken this quiz